000 02310cam a22004334i 4500
003 PE-LiUPU
005 20250731183402.0
008 170814s2016 pe a rb 000 0 spa d
020 _a6124709244
020 _a9786124709241
035 _a(Sirsi) a238248
040 _aPE-LiUPU
_bspa
_cPE-LiUPU
_erda
049 _aPRUA
082 0 4 _a726.78525
_bS28
_220
100 1 _aScaletti Cárdenas, Adriana.,
_eautor.
245 1 0 _aDos monasterios limeños del siglo XVII :
_blas Descalzas de San Joseph (1603) y Santa Clara (1605) /
_cAdriana Scaletti Cárdenas,Luis Martín Bogdanovich, Juan Manuel Parra, Claudia Hiromoto.
264 1 _aLima:
_bPontificia Universidad Católica del Perú,
_c2016.
300 _a143 páginas :
_bilustraciones ;
_c25centimetros.
336 _atext
_2rdacontent
337 _aunmediated
_2rdamedia
338 _avolume
_2rdacarrier
504 _aBibliografía : páginas en cada terminacion de tema.
505 0 _aNotas sobre el estado de la cuestión -- Arquitectura y pleitos en dos monasterios virreinales limeños: las descalzas de san José y santa Clara -- Noticias para la historia del arte a través de nueva documentación del archivo arzobispalde Lima: las clarisas de nuetra señora de la Peña de francia y las concepcionistas descalzas de san Joseph -- Perseverancia, consonancia y asimilación: la reforma interna del templo de santa Clara de Lima a principios del siglo XIX -- Los azulejosdel monasterio de santa Clara (nuetra señora de la peña de Francia) a partir de los azulejos del convento de san francisco el grande (El nombre de Jesús)
526 _aP158
526 _aP146
526 _aP17
526 _aP12
526 _aP06
650 0 4 _aArquitectura de la iglesia
650 0 4 _aMonasterios
700 1 _aBogdanovich, Luis Martín,
_eautor.
700 1 _aHiromoto, Claudia,
_eautor.
700 1 _aParra, Juan Manuel,
_eautor.
910 _ajck
942 _2ddc
_cBOOK
949 _a726.78525 S28
_wDEWEY
_c1
_i76842
_lCATALOGING
_mBUL
_p23.00
_r0
_sY
_tBOOK
_u2017-08-14
_xINGENIERIA
_0COMPRA
_o.CIRCNOTE. El documento es de alto precio.
_o.STAFF. Colección Ingeniería y Arquitectura
999 _c24950
_d24950
980 _81
_gALBERTO SANCHEZ Responsable de Automatización